000 00545nam a2200181 i 4500
001 149621
003 ES-MaACL
005 20230906203159.0
007 t|
008 071023s1921 ec ||||1| spa d
100 1 _aVasconez, Pablo Alfonso.
_9113270
245 1 0 _aHistoria profana de Israel :
_blibro primero /
_cPablo Alfonso Vasconez.
260 _aQuito (Ecuador) :
_bArtes Gráficas,
_c1921.
300 _a136 p., 16 lám. ;
_c19 cm.
651 4 _aIsrael-
_xHistoria.
_98858
852 _aES-MaACL
_jF-857
852 _aES-MaACL
_j1637-F-2
999 _c149621
_d149621